1988 1186 1097 1633 1214 1761 1388 1907 1537 1193 1176 1431 1366 1677 1524 1030 1479 1929 1996 1066 1179 1823 1101 1631 1705 1071 1141 1064 1017 1057 1885 1052 1305 1940 1542 1510 1833 1289 1061 1572 1744 1648 1146 1391 1453 1704 1538 1701 1737 1143 1646 1000 1986 1412 1210 1815 1626 1839 1173 1936 1679 1965 1394 1059 1306 1410 1856 1430 1700 1890 1825 1865 1165 1223 1933 1967 1798 1829 1597 1323 1090 1855 1142 1788 1125 1753 1380 1402 1320 1886 1784 1866 1784 1773 1582 1283 1828 1619 1422 BCNSPRNW ULIB Ver.6.0+V

เปลี่ยนเป็นภาษาไทย

Change to English
 แสดงรายละเอียดบรรณานุกรม
  กลับหน้าหลัก

Brief Record : Get Marc (ISO 2709) : E-mail record : QR code < ปิดหน้าต่าง
LEADER : 00000nam 2200000uu 4500
001    13399114084
003     ULIB
008    120216s2549||||th 000 0 tha d
020    ^a9749459059
060 04 ^aWA395^bส138ร 2549
100 0  ^aสงวน นิตยารัมภ์พงศ์
245 00 ^aระบบสุขภาพในท้องถิ่น :^bอนาคตระบบสุขภาพไทย /^cสงวน นิตยารัมภ์พงศ์
250    ^aพิมพ์ครั้งที่ 1
260    ^aนนทบุรี :^bสำนักงานหลักประกันสุขภาพแห่งชาติ,^c2549
300    ^a56 หน้า :^bภาพประกอบ ;^c26 ซม
500    ^aปรับปรุงจากปาฐกถา ณัฐ ภมรประวัติ ครั้งที่ 19เรื่อง"การบริหารระบบสุขภาพในท้องถิ่นกับอนาคตระบบสุขภาพไทย"ในวันพฤหัสบดีที่ 8 กันยายน 2548 ณ หอประชุม ณัฐ ภมรประวัติ สถาบันพัฒนาการสาธาณรสุขอาเซียน"
650  7 ^aประกันสุขภาพ^zไทย
650  7 ^aสุขภาพ^zไทย
710 2  ^aสำนักงานหลักประกันสุขภาพแห่งชาติ
945    ^p0^l0^i24758
945    ^p0^l0^i24760
945    ^p0^l0^i24761
945    ^p0^l0^i24762
945    ^p0^l0^i24759
995    ^aกัณชพร
999    ^aใช้งานได้ทุกระบบ
รายการนี้ยังไม่มีแท็ก
คุณยังไม่ได้ล็อกอิน คุณสามารถมีกิจกรรมร่วมกับเว็บไซต์ได้ แต่ต้องล็อกอินก่อน ::
  ล็อกอิน

รายการสื่อสารสนเทศ

ลำดับที่ ประเภท เลขเรียก/บาร์โค้ด สถานที่ สถานะ
- ไม่พบข้อมูล -

รายการใกล้เคียง
    ผู้แต่ง [สงวน นิตยารัมภ์พงศ์]

BibComment


ยังไม่เคยถูกคอมเมนท์

คอมเมนท์ทรัพยากรรายการนี้
  คอมเมนท์: ระบบสุขภาพในท้อง..


 Copyright 2026. Bcnsprnw @Library